Pokémon - Mort Subite Pokédex (2) - Statistiques

Statistiques générales
  • Ce quiz a été pris 84 fois
  • Le résultat moyen est 8 sur 16
Answers on the Grid
Answers color-coded by a green-red scale on the quiz's grid according to % correct below.
Ronflex
Leveinard
Canarticho
Magnéti
Krabboss
Saquedeneu
Persian
Onix
Rattatac
Magmar
Kokiyas
Raichu
Ptitard
Mystherbe
Alakazam
Psykokwak
Galopa
Noadkoko
Tauros
Machopeur
Fantominus
Scarabrute
Racaillou
Voltali
Otaria
Hypnomade
Kicklee
Électrode
Ramoloss
Amonita
Mimitoss
Mélodelfe
 
Statistiques - réponses
Réponse % Correct
Canarticho
68%
Ramoloss
61%
Magnéti
58%
Krabboss
55%
Alakazam
53%
Fantominus
53%
Kokiyas
53%
Machopeur
53%
Galopa
50%
Otaria
50%
Persian
50%
Ptitard
50%
Onix
45%
Racaillou
45%
Hypnomade
42%
Psykokwak
39%
Aucun quiz correspondant
Distribution des résultats
% des personnes avec chaque résultat
Percentile par nombre de réponses
Votre historique - résultats
Vous n’avez pas pris ce quiz